| 000 | 00825cab a2200193 4500 | ||
|---|---|---|---|
| 001 | L136041 | ||
| 008 | 070104n2006 000 0 eng u | ||
| 035 | _a(Sirsi) u136041 | ||
| 041 | 0 | _aeng | |
| 245 | 0 | 0 |
_aEG Finance _vJLL monthly prime yields |
| 260 | _c2006 | ||
| 490 | 0 |
_aEstates Gazette _v(0645) 11 November 2006, 64(1) |
|
| 520 | _aSets out Jones Lang LaSalle's figures on prime yields for the last month. In October the JLL All property prime yiled resumed its downward trajectory. Prime yields accross London and the core regional cities hardened. Leisure saw strong demand from inestors. All Iindustrial prime yields remained unchanged. | ||
| 590 | _aKA | ||
| 650 | 2 | 4 | _aJLL MONTHLY PRIME YIELDS |
| 651 | 4 |
_aUnited Kingdom _y |
|
| 690 | _aPROPERTY-COMMERCIAL PROPERTY-COMMERCIAL PROPERTY MARKET | ||
| 942 | _n0 | ||
| 999 |
_c78112 _d78112 |
||